El rey del salón oscuro

Պահպանված է:
Մատենագիտական մանրամասներ
Հիմնական հեղինակ: Tagore, Rabindranath, 1861-1941 (autor)
Ձևաչափ: Գիրք
Լեզու:իսպաներեն
Հրապարակվել է: Madrid Angel Alcoy 1919
Խորագրեր:
Ցուցիչներ: Ավելացրեք ցուցիչ
Չկան պիտակներ, Եղեք առաջինը, ով նշում է այս գրառումը!

MARC

LEADER 00000nam a2200000 a 4500
001 UCZ1458
003 CL-VaPUC
008 950824e19190000SP |||||||||||||||||spa|d
082 0 4 |a 891.402  |b TAG  |2 21 
100 |a Tagore, Rabindranath,  |d 1861-1941  |e autor  |9 339509 
245 1 3 |a El rey del salón oscuro 
300 |a 183 p 
942 |c BK 
945 |d 19950824 00:00:00  |a rbrito 
260 |a Madrid  |b Angel Alcoy  |c 1919 
650 7 |a DRAMA HINDU  |2 CL-VaPUC  |9 318073 
583 |a last modification  |c 19950824 00:00:00  |k Rodrigo Vera 
999 |c 238203  |d 238201 
952 |0 0  |1 0  |4 0  |6 891_402000000000000_TAG_1919  |7 0  |8 A  |9 248234  |a BIBEDU  |b BIBEDU  |d 2019-11-18  |i 3106160  |o 891.402 TAG 1919  |p 3106160  |r 2019-11-18  |w 2019-11-18  |y BK  |k LIT